Words Within a Word: 'Pumpkin' Quiz Stats

Quiz Updated Oct 31, 2017

Challenge
Share
Tweet
Embed
Score 0/20 Timer 05:00
0 Plays Today
% Correct
KIN
98.6%
PUMP
98.2%
PIN
96%
PUN
91.2%
PUP
88.3%
PINK
85.3%
NIP
84.8%
INK
80.9%
PIP
79.4%
KIP
79.4%
% Correct
UMP
77.7%
IMP
76.6%
PUNK
76.5%
MINK
76.4%
MUN
75.5%
PIMP
65.8%
NIM
59.2%
PIU
38.5%
PINUP
13.7%
MUNI
12.8%

You're not logged in!

Compare scores with friends on all Sporcle quizzes.
Sign Up with Email
OR
Log In

You Might Also Like...

Show Comments

Extras

Top Quizzes Today


Score Distribution

Your Account Isn't Verified!

In order to create a playlist on Sporcle, you need to verify the email address you used during registration. Go to your Sporcle Settings to finish the process.

Report this User

Report this user for behavior that violates our Community Guidelines.

Details: